| 000 | 00706 a2200217 4500 | ||
|---|---|---|---|
| 003 | Nust | ||
| 005 | 20221022140534.0 | ||
| 010 | _a 77004676 | ||
| 020 | _a0070232938 | ||
| 040 | _cNust | ||
| 082 | 0 | 0 | _a621.3,GIL |
| 100 | 1 |
_aGilli, Angelo C. _9101167 |
|
| 245 | 1 | 0 |
_aElectrical principles for electronics / _cAngelo C. Gilli. |
| 250 | _a3rd ed. | ||
| 260 |
_aNew York : _bGregg Division, McGraw-Hill, _cc1978. |
||
| 300 |
_axxii, 489 p. : _bill. ; _c24 cm. |
||
| 505 | _aPart 1: Basic Concepts (Page-1) Part 2: Fundaments of Resistive Circuits (Page-78), Part 3: Fundamentals of Reactive Circuits (Page-188). | ||
| 650 | 0 | _aElectrical engineering. | |
| 650 | 0 | _aElectronics. | |
| 942 |
_2ddc _cBK |
||
| 999 |
_c190989 _d190989 |
||